| 000 | 00448nam a22001457a 4500 | ||
|---|---|---|---|
| 020 | _a0-7554-1473-X | ||
| 082 |
_a030 _bMCK/G |
||
| 100 | _aMcKIE, ANNE | ||
| 245 |
_aTHE GREAT BIG BOOK OF KNOWLEDGE _bENCYCLOPEDIA AND DICTIONARY |
||
| 260 |
_aUNITED KINGDOM _bGRANDDREAMS BOOKS LIMITED _c2003 |
||
| 300 | _a182 | ||
| 520 | _aENCYCLOPEDIA AND DICTIONARY WITH OVER 1500 COLOUR ILLUSTRATIONS | ||
| 650 |
_aGENERAL KNOWLEDGE _zUNITED KINGDOM |
||
| 942 | _cBK | ||
| 999 |
_c1895 _d1895 |
||